[Event "Steinfurt Bezirksliga 1314"]
[Site "Germany"]
[Date "2014.01.25"]
[Round "5.8"]
[White "Kroeger, Ralf"]
[Black "Niedenzu, Gerhard"]
[Result "1/2-1/2"]
[WhiteElo "1453"]
[BlackElo "1492"]
[PlyCount "100"]
[EventDate "2013.09.14"]
[EventType "team-tourn"]
[EventRounds "9"]
[EventCountry "GER"]
[SourceTitle "EXT 2015"]
[Source "ChessBase"]
[SourceDate "2014.11.20"]
[SourceVersion "1"]
[SourceVersionDate "2014.11.20"]
[SourceQuality "1"]
[WhiteTeam "Steinfurt II"]
[BlackTeam "Ibbenbueren II"]
[WhiteTeamCountry "GER"]
[BlackTeamCountry "GER"]

1. d4 d5 2. c4 e6 3. Nc3 Nf6 4. Bg5 Be7 5. e3 c6 6. Nf3 Nbd7 7. Bd3 0-0 8. 0-0 Re8 9. Qc2 dxc4 10. Bxc4 h6 11. Bh4 Nd5 12. Bxe7 Qxe7 13. Bd3 Kh8 14. a3 c5 15. Nxd5 exd5 16. dxc5 Nxc5 17. Bb5 Rf8 18. Rac1 b6 19. Bc6 Bb7 20. Bxb7 Qxb7 21. b4 Ne4 22. Nd2 Nxd2 23. Qxd2 Rfd8 24. Qd4 Re8 25. Qf4 Re7 26. Rc3 Kg8 27. Rfc1 Rf8 28. b5 Qb8 29. Rc7 Rxc7 30. Qxc7 Qxc7 31. Rxc7 Ra8 32. Rd7 Rc8 33. g3 Rc5 34. a4 a6 35. bxa6 Ra5 36. a7 Kh7 37. Rxf7 Rxa4 38. Rb7 Ra6 39. Rxb6 Rxa7 40. Rd6 Ra5 41. Kg2 Kg8 42. Rd7 g5 43. g4 Kf8 44. Kg3 Rc5 45. Rd6 Kg7 46. h4 gxh4+ 47. Kxh4 Rc2 48. Kg3 Rd2 49. Kf3 Kh7 50. Kg3 Rd1 1/2-1/2

[Event "Steinfurt Bezirksliga 1314"]
[Site "Germany"]
[Date "2013.10.19"]
[Round "2.7"]
[White "Ulunque Villazon, Stephen"]
[Black "Niedenzu, Gerhard"]
[Result "1/2-1/2"]
[WhiteElo "1585"]
[BlackElo "1492"]
[PlyCount "126"]
[EventDate "2013.09.14"]
[EventType "team-tourn"]
[EventRounds "9"]
[EventCountry "GER"]
[SourceTitle "EXT 2015"]
[Source "ChessBase"]
[SourceDate "2014.11.20"]
[SourceVersion "1"]
[SourceVersionDate "2014.11.20"]
[SourceQuality "1"]
[WhiteTeam "Saerbeck II"]
[BlackTeam "Ibbenbueren II"]
[WhiteTeamCountry "GER"]
[BlackTeamCountry "GER"]

1. e4 e5 2. Nf3 d6 3. Nc3 Nf6 4. d4 exd4 5. Nxd4 Be7 6. Be2 Bd7 7. 0-0 0-0 8. f4 Nc6 9. Nf3 Be6 10. h3 h6 11. Qe1 a6 12. Bd3 Re8 13. e5 dxe5 14. fxe5 Nd7 15. Qe4 Nf8 16. Bc4 Bxc4 17. Qxc4 Qc8 18. Bf4 Qe6 19. Qe4 Rad8 20. Rad1 Rxd1 21. Rxd1 Rd8 22. Rxd8 Bxd8 23. Nd4 Nxd4 24. Qxd4 Qd7 25. Qe4 c6 26. Qe1 Ne6 27. Be3 Bc7 28. Bf2 Ng5 29. Ne4 Nxe4 30. Qxe4 Qe6 31. b3 Qxe5 32. Qxe5 Bxe5 33. Bb6 f5 34. Kf2 Kf7 35. Kf3 g5 36. a4 Ke6 37. Be3 f4 38. Bd2 Kf5 39. Be1 h5 40. Bd2 g4+ 41. Kf2 Ke4 42. hxg4 hxg4 43. Bb4 Bd4+ 44. Kf1 f3 45. Bd2 Be3 46. Be1 Bf4 47. Kf2 g3+ 48. Kf1 f2 49. Bc3 Be5 50. Bd2 Bd4 51. Ke2 b6 52. Bg5 b5 53. axb5 axb5 54. Bd2 Be5 55. Bb4 Kd5 56. Bd2 Kc5 57. Kf1 Kd5 58. Ke2 c5 59. Bg5 c4 60. bxc4+ bxc4 61. Bd2 Ke4 62. Bb4 Kd4 63. Ba5 Bf4 1/2-1/2

[Event "Steinfurt Bezirksliga 0708"]
[Site "Germany"]
[Date "2008.04.19"]
[Round "8.5"]
[White "Niedenzu, Gerhard"]
[Black "Hoesker, Lothar"]
[Result "0-1"]
[WhiteElo "1502"]
[BlackElo "1427"]
[PlyCount "145"]
[EventDate "2007.09.22"]
[EventType "team-tourn"]
[EventRounds "9"]
[EventCountry "GER"]
[SourceTitle "EXT 2009"]
[Source "ChessBase"]
[SourceDate "2008.11.26"]
[SourceVersion "1"]
[SourceVersionDate "2008.11.26"]
[SourceQuality "1"]
[WhiteTeam "Ibbenbueren II"]
[BlackTeam "Reckenfeld"]
[WhiteTeamCountry "GER"]
[BlackTeamCountry "GER"]

1. e4 c5 2. Nf3 Nc6 3. c3 e6 4. d4 cxd4 5. Nxd4 Be7 6. Be3 Nf6 7. Bd3 d5 8. exd5 Qxd5 9. Qf3 Qxf3 10. Nxf3 h6 11. 0-0 0-0 12. Rd1 Ng4 13. Bf4 e5 14. Bg3 Rd8 15. h3 e4 16. hxg4 Bxg4 17. Be2 Rxd1+ 18. Bxd1 exf3 19. Nd2 Rd8 20. Nxf3 Bd6 21. Bxd6 Rxd6 22. Be2 g6 23. Rd1 Rxd1+ 24. Bxd1 Kg7 25. g3 Kf6 26. Kg2 Be6 27. b3 Bd5 28. Be2 Ne5 29. Bd1 g5 30. g4 Nxg4 31. Kg3 Ne5 32. Nd4 Nd3 33. c4 Bh1 34. f3 Nf4 35. c5 h5 36. b4 h4+ 37. Kh2 Bg2 38. Nc2 Bf1 39. Ne3 Bd3 40. a4 Ke7 41. Ng4 Be2 42. Bxe2 Nxe2 43. Ne5 Nd4 44. Kh3 f5 45. f4 Ke6 46. Nd3 Kf6 47. fxg5+ Kxg5 48. Ne5 f4 49. b5 f3 50. c6 bxc6 51. bxc6 f2 52. Kg2 h3+ 53. Kxf2 Ne6 54. Kg3 Kf6 55. Nd3 Ke7 56. Kxh3 Kd6 57. Nb4 Nd4 58. c7 Kxc7 59. Kg3 Kb6 60. Kf2 Ka5 61. Nd5 Kxa4 62. Ke3 Nb5 63. Kd3 Kb3 64. Ne3 a5 65. Nc4 a4 66. Nd2+ Kb2 67. Nc4+ Kc1 68. Ke4 Nd6+ 69. Nxd6 a3 70. Nb5 a2 71. Nd4 Kb2 72. Kd3 a1Q 73. Nc2 0-1

[Event "Muensterland Verbandsklasse-A 0607"]
[Site "Germany"]
[Date "2006.11.18"]
[Round "3.7"]
[White "Niedenzu, Gerhard"]
[Black "Sicking, Norbert"]
[Result "0-1"]
[WhiteElo "1476"]
[BlackElo "1764"]
[PlyCount "90"]
[EventDate "2006.09.23"]
[EventType "team"]
[EventRounds "9"]
[EventCountry "GER"]
[SourceTitle "EXT 2008"]
[Source "ChessBase"]
[SourceDate "2007.11.25"]
[SourceVersion "1"]
[SourceVersionDate "2007.11.25"]
[SourceQuality "1"]
[WhiteTeam "Ibbenbueren"]
[BlackTeam "Heiden II"]
[WhiteTeamCountry "GER"]
[BlackTeamCountry "GER"]

1. e4 b6 2. Nf3 Bb7 3. Nc3 d6 4. d4 e6 5. Bd3 Nd7 6. Be3 Ngf6 7. h3 e5 8. dxe5 dxe5 9. 0-0 Bb4 10. Bd2 0-0 11. a3 Be7 12. Re1 Re8 13. Bc4 Rf8 14. b4 a5 15. bxa5 Rxa5 16. Bc1 Qa8 17. a4 Bd6 18. Bd3 Nc5 19. Bd2 Ra7 20. Bg5 Nfxe4 21. Nxe4 Nxe4 22. Bxe4 Bxe4 23. c3 Bxf3 24. gxf3 Qc6 25. Bd2 Rfa8 26. Kg2 Rxa4 27. Rxa4 Rxa4 28. Qc2 f6 29. Re2 Rh4 30. Qf5 Qe8 31. f4 Qg6+ 32. Qxg6 hxg6 33. fxe5 Bxe5 34. Be1 Rc4 35. Re3 Kf7 36. Kf3 c6 37. Ke2 Ke6 38. f3 f5 39. Rd3 b5 40. Bd2 c5 41. Re3 f4 42. Rd3 b4 43. cxb4 cxb4 44. Rb3 Bc3 45. Kd3 Rd4+ 0-1

[Event "Steinfurt Bezirksklasse 0304"]
[Site "Germany"]
[Date "2004.02.07"]
[Round "6.3"]
[White "Hoesker, Lothar"]
[Black "Niedenzu, Gerhard"]
[Result "1/2-1/2"]
[WhiteElo "1500"]
[BlackElo "1450"]
[PlyCount "165"]
[EventDate "2003.09.27"]
[EventType "team-tourn"]
[EventRounds "11"]
[EventCountry "GER"]
[SourceTitle "EXT 2005"]
[Source "ChessBase"]
[SourceDate "2004.11.15"]
[SourceVersion "1"]
[SourceVersionDate "2004.11.15"]
[SourceQuality "1"]
[WhiteTeam "Reckenfeld II"]
[BlackTeam "Ibbenbueren III"]
[WhiteTeamCountry "GER"]
[BlackTeamCountry "GER"]

1. d4 d5 2. c4 e6 3. Nc3 Nf6 4. Bg5 Nbd7 5. e3 Be7 6. cxd5 exd5 7. Bd3 c6 8. h3 0-0 9. Nge2 Re8 10. 0-0 Nf8 11. Ng3 h6 12. Bxf6 Bxf6 13. Bf5 Qd6 14. Qg4 g6 15. Bxc8 Raxc8 16. Nf5 Qe6 17. Nxh6+ Kg7 18. Qxe6 Nxe6 19. Ng4 Be7 20. Rac1 Bd6 21. Rc2 Rh8 22. Rfc1 Rce8 23. a3 Re7 24. Na4 Rhe8 25. g3 Ng5 26. Kg2 f5 27. Nh2 Rh8 28. h4 Ne4 29. Nc5 Nxc5 30. dxc5 Be5 31. Nf3 Bf6 32. b4 a6 33. a4 Rc8 34. Nd4 Bxd4 35. exd4 Rce8 36. Kf3 Re4 37. Rd2 Kf6 38. Rc3 Re1 39. Rdd3 Rb1 40. Rb3 Ra1 41. b5 Rxa4 42. bxc6 bxc6 43. Rb6 Re6 44. Re3 Rxd4 45. Rxe6+ Kxe6 46. Rxc6+ Kf7 47. Rxa6 Rc4 48. Ra5 d4 49. Ra7+ Kf6 50. Ra6+ Kf7 51. c6 Kg7 52. Ra7+ Kh6 53. c7 Rc2 54. Rb7 d3 55. Ke3 d2 56. c8Q Rxc8 57. Kxd2 Re8 58. Rb3 Kh5 59. f3 Rf8 60. Rb7 Kh6 61. Ke3 Rc8 62. Rb4 Rc3+ 63. Kf4 Rd3 64. g4 fxg4 65. Kxg4 Rd5 66. f4 Rf5 67. Re4 Rc5 68. Re5 Rc4 69. h5 gxh5+ 70. Rxh5+ Kg6 71. Rb5 Rc6 72. Rb8 Rf6 73. Rg8+ Kf7 74. Ra8 Kg6 75. Ra5 Rd6 76. Rf5 Rd4 77. Ra5 Rd6 78. f5+ Kf6 79. Ra4 Rc6 80. Kf4 Rb6 81. Re4 Rc6 82. Ra4 Rb6 83. Ke4 1/2-1/2

[Event "Steinfurt Bezirksliga 0304"]
[Site "Germany"]
[Date "2003.12.20"]
[Round "3.8"]
[White "Niedenzu, Gerhard"]
[Black "Langer, Ralf"]
[Result "0-1"]
[WhiteElo "1450"]
[BlackElo "1697"]
[PlyCount "100"]
[EventDate "2003.10.18"]
[EventType "team-tourn"]
[EventRounds "9"]
[EventCountry "GER"]
[SourceTitle "EXT 2005"]
[Source "ChessBase"]
[SourceDate "2004.11.15"]
[SourceVersion "1"]
[SourceVersionDate "2004.11.15"]
[SourceQuality "1"]
[WhiteTeam "Ibbenbueren II"]
[BlackTeam "Westerkappeln"]
[WhiteTeamCountry "GER"]
[BlackTeamCountry "GER"]

1. e4 c6 2. d4 d5 3. exd5 cxd5 4. Nf3 Nc6 5. c3 Bg4 6. Be2 e6 7. Bf4 Bd6 8. Qd2 Nf6 9. 0-0 0-0 10. Re1 a6 11. Bxd6 Qxd6 12. h3 Bh5 13. Nh2 Bg6 14. Qd1 b5 15. Nd2 b4 16. Nhf3 bxc3 17. bxc3 Ne4 18. Nxe4 Bxe4 19. Bd3 Bxd3 20. Qxd3 Na5 21. Nd2 Rfc8 22. Rec1 Nc4 23. Nxc4 Rxc4 24. Rc2 Rb8 25. Qd2 Qb6 26. Re1 a5 27. Re2 Kf8 28. Qc1 Qc7 29. Re3 a4 30. Rb2 Rb6 31. Rxb6 Qxb6 32. Re2 Qxd4 33. Qa3+ Qc5 34. Qxc5+ Rxc5 35. Re3 Rb5 36. Re2 Rb1+ 37. Kh2 Rc1 38. f3 Rxc3 39. Kg3 Ke7 40. Kf2 d4 41. Ke1 f6 42. f4 Kd6 43. Kd2 e5 44. fxe5+ fxe5 45. Rf2 e4 46. Rf4 Ke5 47. Rg4 e3+ 48. Ke2 Rc2+ 49. Kd3 Rd2+ 50. Kc4 e2 0-1